Pharmacology and Pharmacotherapeutics (Record no. 15559)
[ view plain ]
| 000 -LEADER | |
|---|---|
| fixed length control field | 00360nam a22001577a 4500 |
| 003 - CONTROL NUMBER IDENTIFIER | |
| control field | SGT |
| 020 ## - INTERNATIONAL STANDARD BOOK NUMBER | |
| International Standard Book Number | 9788131248867 |
| 082 ## - DEWEY DECIMAL CLASSIFICATION NUMBER | |
| Classification number | 615.321 |
| Item number | P17S |
| 100 ## - MAIN ENTRY--PERSONAL NAME | |
| Personal name | Satoskar, RS |
| 245 ## - TITLE STATEMENT | |
| Title | Pharmacology and Pharmacotherapeutics |
| 250 ## - EDITION STATEMENT | |
| Edition statement | 25TH |
| 260 ## - PUBLICATION, DISTRIBUTION, ETC. (IMPRINT) | |
| Place of publication, distribution, etc | NEW DELHI |
| Name of publisher, distributor, etc | Elsevier India |
| Year of Publication | 2017 |
| 300 ## - PAGE DESCRIPTION | |
| No. of Pages | 1155 |
| 650 ## - SUBJECT ADDED ENTRY--TOPICAL TERM | |
| Topical term or geographic name as entry element | Pharmacology |
| 942 ## - ADDED ENTRY ELEMENTS (KOHA) | |
| Source of classification or shelving scheme | Dewey Decimal Classification |
| Koha item type | Books |
| Withdrawn status | Lost status | Source of classification or shelving scheme | Damaged status | Not for loan | Home library | Current library | Shelving location | Date acquired | Vendor Name | Cost, normal purchase price | SGTU | Bill Number | Total Checkouts | Full call number | Accession No. (Barcode) | Date last seen | Date last borrowed | Bill Date | Koha item type |
|---|---|---|---|---|---|---|---|---|---|---|---|---|---|---|---|---|---|---|---|
| Dewey Decimal Classification | SGT Dental Library | SGT Dental Library | Text Book | 14/06/2018 | ABC | 1095.00 | SGTU | 9730 | 1 | 615.321 P17S | FD7677 | 07/10/2025 | 07/10/2025 | 15/05/2018 | Books | ||||
| Dewey Decimal Classification | SGT Dental Library | SGT Dental Library | Text Book | 14/06/2018 | ABC | 1095.00 | SGTU | 9730 | 1 | 615.321 P17S | FD7678 | 28/04/2026 | 28/04/2026 | 15/05/2018 | Books | ||||
| Dewey Decimal Classification | SGT Dental Library | SGT Dental Library | Text Book | 14/06/2018 | ABC | 1095.00 | SGTU | 9730 | 1 | 615.321 P17S | FD7679 | 05/03/2026 | 12/02/2026 | 15/05/2018 | Books | ||||
| Dewey Decimal Classification | SGT Dental Library | SGT Dental Library | Text Book | 14/06/2018 | ABC | 1095.00 | SGTU | 9730 | 1 | 615.321 P17S | FD7680 | 30/01/2019 | 30/01/2019 | 15/05/2018 | Books | ||||
| Dewey Decimal Classification | SGT Dental Library | SGT Dental Library | Text Book | 14/06/2018 | ABC | 1095.00 | SGTU | 9730 | 1 | 615.321 P17S | FD7681 | 04/03/2021 | 04/03/2021 | 15/05/2018 | Books |